000 00333nam a2200145Ia 4500
003 Ost
005 20260225132537.0
008 260225s9999||||xx |||||||||||||| ||und||
040 _cfsic
041 _afre
082 _a303.6
245 0 _aCultures et conflits,menace du sud :
245 0 _bimages et réalités /
942 _cكتاب
999 _c33300
_d33300